| 000 | 00621nam a2200181 i 4500 | ||
|---|---|---|---|
| 001 | 73770 | ||
| 003 | ES-MaACL | ||
| 005 | 20230906171923.0 | ||
| 007 | t| | ||
| 008 | 040910s1974 sp ||||1| spa d | ||
| 100 | 0 |
_aGómez-Tabanera, José Manuel, _d1926-2011 _958165 |
|
| 245 | 1 | 0 |
_aReflexiones sobre el arte rupestre cuaternario y su expresión en Asturias / _cJosé M. Gómez Tabanera. |
| 260 |
_aOviedo : _b[s.n., _c1974] |
||
| 300 |
_a42 p. : _bil. ; _c24 cm. |
||
| 500 | _aEs Separata de: Boletín del Instituto de Estudios Asturianos, nº 81. | ||
| 852 |
_aES-MaACL _j2084-F-36 _bR.89346 |
||
| 999 |
_c73770 _d73770 |
||